书目信息 |
| 题名: |
集成电路的原理和应用
|
|
| 作者: | ;天津市无线电技术研究所 编译 | |
| 分册: | ||
| 出版信息: | 北京 人民邮电出版社 1975 |
|
| 页数: | 460页 | |
| 开本: | 19cm | |
| 丛书名: | ||
| 单 册: | ||
| 中图分类: | TN43 | |
| 科图分类: | ||
| 主题词: | 半导体集成电路 | |
| 电子资源: | ||
| ISBN: | ||
| 000 | 00718nam0 2200217 45 | |
| 001 | 0175002207 | |
| 005 | 20060429102224.68 | |
| 010 | @dCNY1.05 | |
| 100 | @a19951012d1975 em y0chiy0121 ea | |
| 101 | 1 | @achi |
| 102 | @aCN@b110000 | |
| 105 | @ay z 000yy | |
| 200 | 10 | @a集成电路的原理和应用@Aji cheng dian lu de yuan li he ying yong@f天津市无线电技术研究所编译@Ftian jin shi wu xian dian ji shu yan jiu suo bian yi |
| 210 | @a北京@c人民邮电出版社@d1975 | |
| 215 | @a460页@d19cm | |
| 606 | @a半导体集成电路 | |
| 690 | @aTN43@v3 | |
| 711 | 02 | @a天津市无线电技术研究所@Atian jin shi wu xian dian ji shu yan jiu suo@4编译 |
| 801 | 2 | @aCN@bNLC@c20060429 |
| 801 | 0 | @aCN@b广东省中山图书馆@c20060413 |
| 905 | @dTN43@e3 | |
| 集成电路的原理和应用/天津市无线电技术研究所编译.-北京:人民邮电出版社,1975 |
| 460页;19cm |
| ISBN :CNY1.05 |
| ● |
| 相关链接 |
|
|
|
|
正题名:集成电路的原理和应用
索取号:TN43/3
 
预约/预借
| 序号 | 登录号 | 条形码 | 馆藏地/架位号 | 状态 | 备注 |
| 1 | 0004047 | 001352333 | 第二样本阅览室/ [索取号:TN43/3] | 在馆 | |
| 2 | 0004048 | 001352413 | 密集书库/ [索取号:TN43/3] | 在馆 | |
| 3 | 0004049 | 202204408 | 密集书库/ [索取号:TN43/3] | 在馆 | |
| 4 | 0004050 | 202303925 | 密集书库/ [索取号:TN43/3] | 在馆 | |
| 5 | 0004051 | 001352379 | 第三借阅区/ [索取号:TN43/3] | 在馆 | |
| 6 | 0004052 | 202251507 | 密集书库/ [索取号:TN43/3] | 在馆 |